Fundación, cooperación y educación : (Record no. 195295)

MARC details
000 -LEADER
campo de control de longitud fija 01248nam a2200313 i 4500
001 - NÚMERO DE CONTROL
campo de control 195295
003 - IDENTIFICADOR DE NÚMERO DE CONTROL
campo de control SpMaBN
005 - FECHA Y HORA DE LA ÚLTIMA TRANSACCIÓN
campo de control 20250318063120.0
008 - DATOS DE LONGITUD FIJA--INFORMACIÓN GENERAL
campo de control de longitud fija 230124s2023 sp | |||| 000 spa
015 ## - NÚMERO DE BIBLIOGRAFÍA NACIONAL
Número de bibliografía nacional MON23
017 ## - NÚMERO DE COPYRIGHT O DE DEPÓSITO LEGAL
Número de copyright o de depósito legal B 1834-2023
Agencia que asigna Oficina Depósito Legal Barcelona
020 ## - NÚMERO INTERNACIONAL ESTÁNDAR DEL LIBRO
Número Internacional Estándar del Libro 9788416783113
040 ## - FUENTE DE CATALOGACIÓN
Centro catalogador/agencia de origen SpMaBN
Lengua de catalogación spa
Centro/agencia transcriptor SpMaBN
Normas de descripción rda
Centro/agencia modificador ES-MaACL
100 ## - ENTRADA PRINCIPAL--NOMBRE DE PERSONA
Nombre de persona Maceda Granja, Pío
9 (RLIN) 236844
Término indicativo de función/relación Autor
245 ## - MENCIÓN DEL TÍTULO
Título Fundación, cooperación y educación :
Resto del título primeros pasos de Save the Children y Ensenyaments Solidaris /
Mención de responsabilidad, etc. Pío Maceda Granja.
250 ## - MENCION DE EDICION
Mención de edición Primera edición: enero 2023
260 ## - PUBLICACIÓN, DISTRIBUCIÓN, ETC.
Lugar de publicación, distribución, etc. Romanyà Valls:
Nombre del editor, distribuidor, etc. Laertes,
Fecha de publicación, distribución, etc. 2023.
300 ## - DESCRIPCIÓN FÍSICA
Extensión 170 páginas :
Dimensiones 20 cm.
336 ## - TIPO DE CONTENIDO
Término de tipo de contenido Texto
Fuente rdacontent
337 ## - TIPO DE MEDIO
Nombre/término del tipo de medio sin mediación
Fuente rdamedia
338 ## - TIPO DE SOPORTE
Nombre/término del tipo de soporte volumen
Fuente rdacarrier
650 #4 - PUNTO DE ACCESO ADICIONAL DE MATERIA--TÉRMINO DE MATERIA
9 (RLIN) 15761
Término de materia o nombre geográfico como elemento de entrada Organizaciones no gubernamentales
852 ## - LOCALIZACIÓN
Ubicación ES-MaACL
Ubicación en estantería Depósito J
Número de control de estantería N-8919
Encuadernación Encuadernación rústica
Donativo/Legado Donación: Editorial
itemnumber 204797
942 ## - ELEMENTOS DE ENTRADA SECUNDARIOS (KOHA)
Tipo de ítem Koha Libro impreso
Suprimir en OPAC No
Holdings
Estatus retirado Estado de pérdida Fuente del sistema de clasificación o colocación Estado de daño No para préstamo Biblioteca de origen Biblioteca actual Ubicación en estantería Fecha de adquisición Fuente de adquisición Total de préstamos Signatura topográfica completa Código de barras Visto por última vez Precio de reemplazo Tipo de ítem Koha
    Clasificación decimal universal     Biblioteca del Ateneo de Madrid Biblioteca del Ateneo de Madrid Depósito J 16/03/2025 Donación   N-8919 101229643 16/03/2025 16/03/2025 Libro impreso